00402pab a2200133 454500008003900000100001900039245011300058260000800171300001400179362000800193650001400201700002000215773003300235180718b003 xxu||||| |||| 00| 0 eng d aMarks, Gary N. aDeclining inequality? The changing impact of socio-economic background and ability on education in Australia c003 ap.453-71. aDec aEducation aMcMillan, Julie aBritish Journal of Sociology